01454nam a2200361Ia 4500001001200000003000800012006001900020007001500039008004100054010001700095020001500112020003400127020003500161040002100196035002000217050002200237082001200259245012200271260004400393300001800437504006400455533015200519650003500671650004100706650005500747650004700802655002900849700002900878700002500907710001700932856012600949999001701075ebr10054189CaPaEBRm u cr cn|||||||||990914s2000 enk sb 001 0 eng d z 99048142  z0203141571 z0415174724 (hb. : alk. paper) z0415174732 (pbk. : alk. paper) aCaPaEBRcCaPaEBR a(OCoLC)8437539014aJA86b.R68 2000eb04a32022104aThe Routledge reader in politics and performanceh[electronic resource] /cedited by Lizbeth Goodman and Jane De Gay. aLondon ;aNew York :bRoutledge,c2000. axxvii, 322 p. aIncludes bibliographical references (p. 299-312) and index. aElectronic reproduction.bPalo Alto, Calif. :cebrary,d2009.nAvailable via World Wide Web.nAccess may be limited to ebrary affiliated libraries.00aPolitical sciencexPhilosophy.00aPolitical sciencexHistoryvSources.00aPerformance artxPolitical aspectszUnited States.00aTheaterxPolitical aspectszUnited States. 7aElectronic books.2local1 aGoodman, Lizbeth,d1964-1 aDe Gay, Jane,d1966-2 aebrary, Inc.40uhttp://site.ebrary.com/lib/rucke/Doc?id=10054189zAn electronic book accessible through the World Wide Web; click to view c65205d65205